• 首页
  • 本馆介绍
  • 公告通知
  • 最新文献
  • 馆藏检索
  • 电子资源
  • 读者导购
  • 参考咨询
  • 我的图书馆
  • 登录
  • 详细信息显示
  • 放入我的书架
  • 预约/预借图书
  • 作者相关作品
  • 分类相关作品
  • 丛书相关作品
  • 出版社相关作品

书目信息

  • 表格格式
  • 工作单格式
  • 卡片格式
题名:
智慧消费经济新模式
    
 
作者: 李贻良 著
分册:  
出版信息: 北京   中国商业出版社  2020.1
页数: 210页
开本: 24cm
丛书名:
单 册:
中图分类: F014.5
科图分类:
主题词: 消费经济学--xiao fei jing ji xue
电子资源:
ISBN: 978-7-5208-1096-8
000 01148nam0 2200229 450
001 2160519727
005 20210926145317.0
010    @a978-7-5208-1096-8@dCNY48.00
100    @a20200425d2020 em y0chiy0110 ea
101 0  @achi
102    @aCN@b110000
105    @ay z 000yy
106    @ar
200 1  @a智慧消费经济新模式@Azhi hui xiao fei jing ji xin mo shi@f李贻良著
210    @a北京@c中国商业出版社@d2020.1
215    @a210页@d24cm
330    @a平台型管理是移动互联网时代的新型管理方式,它强调的是整个企业组织在一个平台之上,形成管理的扁平化,沟通的无障碍化,从而全面提高组织效率,提升人员凝聚?力和战斗力。在数字时代,企业必须以数字化技术为基础,再造新型的组织形态,才能真正实现客?户导向、极致竞争、无边界试错,因此《平台型管理》这本书提出了“平台型管理”的概念,基于对组织基础理论的研究和丰富的变革实践经验,本书通过对战略管理、?组织管理、文化管理、目标管理、过程管理、人力资源管理、绩效管理等几个方面予?以叙述,同时对企业变革也提出了一些务实的建议。
606 0  @a消费经济学@Axiao fei jing ji xue
690    @aF014.5@v5
701  0 @a李贻良@Ali yi liang@4著
801  0 @aCN@b百万庄@c20210926
905    @b1300847-850@dF014.5@e580@f4
    
    智慧消费经济新模式/李贻良著.-北京:中国商业出版社,2020.1
    210页;24cm
    
    
    ISBN 978-7-5208-1096-8:CNY48.00
    平台型管理是移动互联网时代的新型管理方式,它强调的是整个企业组织在一个平台之上,形成管理的扁平化,沟通的无障碍化,从而全面提高组织效率,提升人员凝聚?力和战斗力。在数字时代,企业必须以数字化技术为基础,再造新型的组织形态,才能真正实现客?户导向、极致竞争、无边界试错,因此《平台型管理》这本书提出了“平台型管理”的概念,基于对组织基础理论的研究和丰富的变革实践经验,本书通过对战略管理、?组织管理、文化管理、目标管理、过程管理、人力资源管理、绩效管理等几个方面予?以叙述,同时对企业变革也提出了一些务实的建议。
●
相关链接 在E读中查询图书 在五车中查询图书 在当当中查询图书 在豆瓣中查询图书


正题名:智慧消费经济新模式     索取号:F014.5/580         预约/预借

序号 登录号 条形码 馆藏地/架位号 状态 备注
1 1300847   213008476   第一样本阅览室/ [索取号:F014.5/580] 在馆    
2 1300848   213008485   第一借阅区/ [索取号:F014.5/580] 在馆    
3 1300849   213008494   第一借阅区/ [索取号:F014.5/580] 在馆    
4 1300850   213008500   第一借阅区/ [索取号:F014.5/580] 在馆    
唐山师范学院图书馆 欢迎您!
大连网信软件有限公司© 版权所有